| 000 | 00371nam a2200145Ia 4500 | ||
|---|---|---|---|
| 008 | 230917s9999||||xx |||||||||||||| ||und|| | ||
| 040 |
_e39442 _aMAIN |
||
| 041 | _aEnglish | ||
| 082 | _a658.4 G298M | ||
| 100 | _aGeorge, Claude S | ||
| 245 | 0 | _aManagement for business and industry | |
| 260 |
_aNew Delhi _bPrentice-Hall _c1977 |
||
| 300 | _axiii, 642 p. | ||
| 942 | _cBK | ||
| 999 |
_c200442 _d200442 |
||